01254nab a22002297a 4500003000400000005001700004008004100021040000700062100002300069245007900092260007300171300001300244500003500257505015000292505026100442505008100703650001800784650001800802650002800820650002600848773015000874OSt20260219123025.0190429b xxu||||| |||| 00| 0 spa d cPJ aPierolivo, Micaela13aLa importancia de juzgar con perspectiva de género /cMicaela Pierolivo. cCiudad Autónoma de Buenos Aires :aThomson Reuters La Ley, b2024. ap. 59-62 aCita: TR LALEY AR/DOC/496/2024 aSumario: I. Introducción.— I. Sobre el caso.— II. Volver sobre conceptos ya estudiados.— II. El fallo en cuestión.— IV. Conclusión. aFallo comentado: CCasacion Penal, Penal Juvenil, Contravencional y de Faltas, Ciudad Autónoma de Buenos Aires, sala IV ~ 13/11/2023 ~ Incidente de apelación en autos Q., B. D. s/ art. 184 inc. 5 - daños (agravado por generarlos en bienes públicos). tSi te interesa el texto completo, solicitalo a koha@justierradelfuego.gov.ar 0aDERECHO PENAL 0aPROCESO PENAL 0aPERSPECTIVA DE GÉNERO 0aVIOLENCIA DE GÉNERO0 02658tRevista de derecho penal y criminología. Nº 8 - Agosto 2024dCiudad Autónoma de Buenos Aires : Thomson Reuters La Ley, 2017-x00347914